Ferencz (Francois) Liszt /

Uloženo v:
Podrobná bibliografie
Hlavní autor: Corder, Frederick, 1852-1932
Médium: Kniha
Jazyk:English
Vydáno: New York : AMS Press, 1979.
Vydání:1st AMS ed.
Témata:
LEADER 01092nam a2200301 i 4500
001 c000063944
003 CARM
005 00000000000000.0
008 790308r19791925nyuc b 00110beng
019 1 |a 1377145  |5 LACONCORD2021 
020 |a 0404128882 
035 |a (OCoLC)5009352  |5 LACONCORD2021 
050 0 0 |a ML410.L7  |b C78 1979 
100 1 |a Corder, Frederick,  |d 1852-1932. 
245 0 0 |a Ferencz (Francois) Liszt /  |c by Frederick Corder. 
250 |a 1st AMS ed. 
260 |a New York :  |b AMS Press,  |c 1979. 
300 |a xi, 178 p. :  |b port. ;  |c 19 cm. 
500 |a Reprint of the 1925 ed. published by Harper, New York. 
500 |a Includes index. 
504 |a Bibliography: p. v-vii. 
504 |a "Catalog of Liszt's work" : p. 145-174. 
600 1 0 |a Liszt, Franz,  |d 1811-1886. 
650 0 |a Composers  |x Biography. 
852 8 |b CARM  |h A2:AE02G0  |i A00197  |p 0038469  |f BK 
082 0 4 |a 780/.92/4  |a B 
999 f f |i 5431b380-185c-5357-9b5e-c7f15e412c93  |s 4badb6fe-d357-51f5-bdbf-b3fe76e5b4d4 
952 f f |p Can circulate  |a CAVAL  |b CAVAL  |c CAVAL  |d CARM 1 Store  |e A00197  |f A2:AE02G0  |h Other scheme  |i book  |m 0038469